|
|
|
|
| LEADER |
02058nam a22004094a 4500 |
| 001 |
EBC459605 |
| 003 |
MiAaPQ |
| 005 |
20200520144314.0 |
| 006 |
m o d | |
| 007 |
cr cn||||||||| |
| 008 |
090323s2009 dcuab sb i001 0 eng |
| 010 |
|
|
|z 2009012134
|
| 020 |
|
|
|z 9780821379417 (pbk.)
|
| 020 |
|
|
|z 0821379410 (pbk.)
|
| 020 |
|
|
|a 9780821379424 (electronic bk.)
|
| 020 |
|
|
|a 0821379429 (electronic bk.)
|
| 035 |
|
|
|a (MiAaPQ)EBC459605
|
| 035 |
|
|
|a (Au-PeEL)EBL459605
|
| 035 |
|
|
|a (CaPaEBR)ebr10369828
|
| 035 |
|
|
|a (CaONFJC)MIL218402
|
| 035 |
|
|
|a (OCoLC)463485348
|
| 040 |
|
|
|a MiAaPQ
|c MiAaPQ
|d MiAaPQ
|
| 043 |
|
|
|a f-gv---
|
| 050 |
|
4 |
|a HD2143
|b .A93 2009
|
| 082 |
0 |
4 |
|a 338.1096652
|2 22
|
| 245 |
0 |
0 |
|a Awakening Africa's sleeping giant
|h [electronic resource] :
|b prospects for commercial agriculture in the Guinea Savannah zone and beyond.
|
| 260 |
|
|
|a Washington, DC :
|b World Bank ;
|a Rome, Italy :
|b FAO :
|b Cooperazione italiana allo sviluppo,
|c c2009.
|
| 300 |
|
|
|a xii, 218 p. :
|b ill., maps.
|
| 490 |
1 |
|
|a Directions in development. Agriculture and rural development
|
| 504 |
|
|
|a Includes bibliographical references and index.
|
| 505 |
0 |
|
|a Introductions and objectives -- Past experience : Asia and Latin America vs. Sub-Saharan Africa -- Outlook for commercial agriculture in Sub-Saharan Africa -- Commodity-specific competitiveness analysis -- Factors affecting the competitiveness of African agriculture -- Potential social and environmental impacts of commercial agriculture -- Conclusions and recommendations : opportunities and challenges.
|
| 533 |
|
|
|a Electronic reproduction. Ann Arbor, MI : ProQuest, 2015. Available via World Wide Web. Access may be limited to ProQuest affiliated libraries.
|
| 650 |
|
0 |
|a Agriculture
|x Economic aspects
|z Guinea.
|
| 655 |
|
4 |
|a Electronic books.
|
| 710 |
2 |
|
|a ProQuest (Firm)
|
| 830 |
|
0 |
|a Directions in development (Washington, D.C.).
|p Agriculture and rural development.
|
| 856 |
4 |
0 |
|u https://ebookcentral.proquest.com/lib/matrademy/detail.action?docID=459605
|z Click to View
|